| 000 | 00937nam a2200241 a 4500 | ||
|---|---|---|---|
| 003 | DO-SdBNP | ||
| 005 | 20220204132359.0 | ||
| 007 | ta | ||
| 008 | 220204e2021 dr ac||gr|||| 001 0 spa d | ||
| 040 |
_aDO-SdBNP _bspa _cBNPHU |
||
| 082 | 4 |
_222 _bP637h |
|
| 245 | 1 | 0 |
_aHistoria contemporánea I: _bépoca de sangre y terror. el territorio en la República Dominicana. / _cSebastián del Pilar Sánchez |
| 246 |
_aHistoria contemporánea uno : _bépoca de sangre y terror. el territorio en la República Dominicana. |
||
| 260 | _aSanto Domingo : | ||
| 300 |
_a173 p. : _bil., retr. ; _c21 cm. |
||
| 500 | _aIncluye datos bibliograficos del autor. | ||
| 590 | _aInventariado 2022 / MF | ||
| 650 | 4 |
_97036 _aHistoria Contemporánea _ySiglo XX _zRepública Dominicana |
|
| 650 | 4 |
_946050 _aTerrorismo _zRepública Dominicana |
|
| 650 | 4 |
_934704 _aPersecuciones Políticas _zRepública Dominicana |
|
| 910 | _aMFeliz | ||
| 942 |
_2ddc _cLBS1 |
||
| 999 |
_c51348 _d51348 |
||